| 000 | 00000nam 2200000za 4500 |
| 001 | 9.692072 |
| 003 | CaOODSP |
| 005 | 20210624233043 |
| 007 | cr ||||||||||| |
| 008 | 150407|2005||||xxc|||||o f|0| 0 eng d |
| 040 | |aCaOODSP|beng |
| 043 | |an-cn--- |
| 086 | 1 |aA118-10/4-2005E-PDF |
| 110 | 1 |aCanada.|bAgriculture and Agri-Food Canada. |bPest Management Centre. |
| 245 | 10|aCrop profile for dry bean in Canada / |h[electronic resource]|cPrepared by Pesticide Risk Reduction Program. |
| 260 | |aOttawa - Ontario : |bAgriculture and Agri-Food Canada. |cFebruary 2005. |
| 300 | |a31p.|btables |
| 590 | |a09-07-Supp|b2009-08-17 |
| 690 | 07|aCrops|2gcpds |
| 775 | 08|tProfil de la culture du haricot sec au Canada / |w(CaOODSP)9.636329 |
| 794 | |tCrop profile for dry bean in Canada, 2015 |w(CaOODSP)9.848297 |
| 856 | 40|ahttp://publications.gc.ca|qPDF|s519 KB|uhttps://publications.gc.ca/collections/collection_2009/agr/A118-10-4-2005E.pdf |